Statistics for Top 20 Earning Players in Fortnite

Click here to take the quiz!

General Stats

  • This quiz has been taken 33 times
  • The average score is 8 of 20

Answer Stats

Country (Region)Player (ID)Total% Correct
USA (NAE)Bugha$3,062,966.67
93%
UK (EU)Mongraal$567,454.23
79%
Argentina (BR)k1nG$1,006,150.00
66%
USA (NAW)EpikWhale$1,299,374.87
55%
Austria (EU)aqua$1,798,341.23
52%
USA (NAW)psalm$1,870,138.80
52%
Norway (EU)Nyhrox$1,525,225.69
48%
Netherlands (EU)Mitr0$696,599.81
41%
USA (NAE)Tfue$581,900.00
41%
France (EU)Skite$809,994.02
34%
USA (NAE)Bizzle$593,125.00
31%
USA (NAE)Kreo$1,174,550.00
31%
Sweden (EU)Crue$682,850.00
28%
UK (EU)Wolfiez$1,140,026.67
28%
Canada (NAE)Zayt$1,092,233.20
24%
USA (NAW)Arkhram$534,800.00
21%
Netherlands (EU)Rojo$1,203,873.33
21%
USA (NAE)Saf$1,044,288.80
17%
USA (NAE)Ceice$1,099,888.80
10%
Canada (NAE)Elevate$986,758.20
10%

Score Distribution

Percentile by Number Answered

Percent of People with Each Score

Your Score History

You have not taken this quiz